[Event "Warsaw YMCA Autumn-A 266th"]
[Site "Warsaw"]
[Date "2022.09.30"]
[Round "8"]
[White "Matyszkiewicz, Wiktor"]
[Black "Leszczewicz, Karol"]
[Result "1-0"]
[WhiteElo "1793"]
[BlackElo "1588"]
[PlyCount "155"]
[EventDate "2022.09.30"]
[EventType "tourn"]
[EventRounds "13"]
[EventCountry "POL"]
[SourceTitle "EXT 2024"]
[Source "ChessBase"]
[SourceDate "2023.10.10"]
[SourceVersion "1"]
[SourceVersionDate "2023.10.10"]
[SourceQuality "1"]

1. e4 c5 2. Nf3 e6 3. d4 cxd4 4. Nxd4 Nf6 5. Nc3 Nc6 6. Ndb5 Bb4 7. a3 Bxc3+ 8. Nxc3 d5 9. exd5 exd5 10. Bd3 0-0 11. 0-0 Bg4 12. f3 Bh5 13. Bg5 Qb6+ 14. Kh1 Ne4 15. Nxe4 dxe4 16. Bxe4 Qxb2 17. Rb1 Qxa3 18. Rxb7 Qa6 19. Rd7 Bg6 20. Bxg6 hxg6 21. f4 Rae8 22. Rd6 Qc4 23. h3 Ne7 24. g4 Qe4+ 25. Kh2 Nc8 26. Rd2 Nb6 27. Rff2 Qe1 28. Qf3 Re3 29. Qg2 Nc4 30. Rd7 Rfe8 31. Bh4 Re2 32. Rxa7 Rxf2 33. Bxf2 Qc1 34. Ra8 Qxf4+ 35. Bg3 Qe3 36. Rxe8+ Qxe8 37. Qf3 Qe6 38. Qd3 Kh8 39. Kg2 Kg8 40. Bf4 Kh7 41. Kf2 Qb6+ 42. Kf3 Qc6+ 43. Qe4 Qa4 44. h4 Qa3+ 45. Kg2 Nd6 46. Qc6 Nf5 47. gxf5 gxf5 48. Qd5 Qa6 49. Qxf5+ Kg8 50. Qe4 Qa2 51. Kh3 Qb1 52. Bg3 Qf1+ 53. Kh2 Qb1 54. Qe8+ Kh7 55. Qe2 Qa2 56. Kh3 Kg8 57. Qe8+ Kh7 58. Qc6 Qb1 59. c4 Qf1+ 60. Kh2 Qe2+ 61. Kg1 Qd1+ 62. Kg2 Qe2+ 63. Bf2 Qg4+ 64. Kh2 Qf4+ 65. Bg3 Qd2+ 66. Qg2 Qc3 67. Qe2 f5 68. Be5 Qc1 69. Qg2 Qh6 70. Qxg7+ Qxg7 71. Bxg7 Kxg7 72. c5 Kf6 73. h5 Ke5 74. h6 Kd5 75. h7 Kxc5 76. h8Q Kd5 77. Kg3 Ke4 78. Qe8+ 1-0

[Event "Warsaw YMCA Autumn-A 266th"]
[Site "Warsaw"]
[Date "2022.09.30"]
[Round "4"]
[White "Moskwinski, Marek"]
[Black "Matyszkiewicz, Wiktor"]
[Result "1-0"]
[WhiteElo "1858"]
[BlackElo "1793"]
[PlyCount "51"]
[EventDate "2022.09.30"]
[EventType "tourn"]
[EventRounds "13"]
[EventCountry "POL"]
[SourceTitle "EXT 2024"]
[Source "ChessBase"]
[SourceDate "2023.10.10"]
[SourceVersion "1"]
[SourceVersionDate "2023.10.10"]
[SourceQuality "1"]

1. e4 c5 2. Nf3 d6 3. d4 cxd4 4. Nxd4 Nf6 5. Nc3 Nc6 6. Bg5 e6 7. Qd2 a6 8. 0-0-0 Bd7 9. f4 b5 10. Bxf6 gxf6 11. Kb1 Rc8 12. g3 Qb6 13. Nxc6 Bxc6 14. Bg2 Be7 15. Rhe1 0-0 16. Nd5 Bxd5 17. exd5 e5 18. Be4 Kg7 19. Qe2 Rfd8 20. Qg4+ Kf8 21. Bxh7 Ke8 22. Qg7 Rc5 23. Bf5 Qb7 24. Qh8+ Bf8 25. Qxf6 Rxd5 26. fxe5 1-0

[Event "Warsaw YMCA Spring-B 258th"]
[Site "Warsaw"]
[Date "2022.06.09"]
[Round "10"]
[White "Sloniewska, Alicja"]
[Black "Matyszkiewicz, Wiktor"]
[Result "0-1"]
[WhiteElo "1737"]
[BlackElo "1777"]
[PlyCount "82"]
[EventDate "2022.04.07"]
[EventType "tourn"]
[EventRounds "11"]
[EventCountry "POL"]
[SourceTitle "EXT 2023"]
[Source "ChessBase"]
[SourceDate "2022.10.05"]
[SourceVersion "1"]
[SourceVersionDate "2022.10.05"]
[SourceQuality "1"]

1. d4 Nf6 2. c4 g6 3. Nc3 Bg7 4. e4 d6 5. Nf3 0-0 6. Be2 e5 7. d5 a5 8. 0-0 Na6 9. Qc2 Bd7 10. a3 h6 11. Ne1 Nh7 12. Be3 f5 13. f3 f4 14. Bf2 g5 15. Nd3 g4 16. fxg4 Qg5 17. Qd1 Qg6 18. Bf3 Ng5 19. b4 Rf7 20. b5 Nc5 21. Nxc5 dxc5 22. Bxc5 b6 23. Bf2 h5 24. h3 hxg4 25. Bxg4 f3 26. Bxd7 Rxd7 27. Kh2 Rf8 28. Bg3 Bf6 29. Rxf3 Nxf3+ 30. Qxf3 Bh4 31. Qe3 Bxg3+ 32. Qxg3 Qxg3+ 33. Kxg3 Rg7+ 34. Kh2 Rf2 35. Rg1 Rc2 36. Nd1 Rxc4 37. Nf2 Rf7 38. Ng4 Rf4 39. Nxe5 Rcxe4 40. Nf3 Rf5 41. Rd1 Re3 0-1

[Event "Warsaw YMCA Spring-B 258th"]
[Site "Warsaw"]
[Date "2022.05.05"]
[Round "5"]
[White "Matyszkiewicz, Wiktor"]
[Black "Kacprzak, Karol"]
[Result "1-0"]
[WhiteElo "1777"]
[BlackElo "1699"]
[PlyCount "67"]
[EventDate "2022.04.07"]
[EventType "tourn"]
[EventRounds "11"]
[EventCountry "POL"]
[SourceTitle "EXT 2023"]
[Source "ChessBase"]
[SourceDate "2022.10.05"]
[SourceVersion "1"]
[SourceVersionDate "2022.10.05"]
[SourceQuality "1"]

1. e4 c6 2. d4 d5 3. exd5 cxd5 4. Bd3 Nf6 5. h3 Nc6 6. c3 g6 7. Nf3 Bg7 8. Bf4 0-0 9. 0-0 a6 10. Re1 b5 11. a3 Bd7 12. Nbd2 Na5 13. Qe2 Re8 14. Ne5 Nc4 15. Nb3 Nxe5 16. dxe5 Nh5 17. Bh2 Bf8 18. Qf3 e6 19. Nd4 Qg5 20. Kh1 Reb8 21. g4 Ng7 22. Qe2 Qh4 23. Rg1 Qxh3 24. Nf3 Bc6 25. Rg3 Qh6 26. Nd4 Bd7 27. f4 Bc5 28. Qf3 Ne8 29. f5 Bxd4 30. cxd4 b4 31. Rh3 Qd2 32. fxg6 fxg6 33. Rf1 Nf6 34. exf6 1-0

[Event "Warsaw YMCA Autumn-A2 252nd"]
[Site "Warsaw"]
[Date "2021.10.29"]
[Round "6"]
[White "Matyszkiewicz, Wiktor"]
[Black "Niedbal, Piotr"]
[Result "1/2-1/2"]
[WhiteElo "1756"]
[BlackElo "1837"]
[PlyCount "59"]
[EventDate "2021.10.01"]
[EventType "tourn"]
[EventRounds "13"]
[EventCountry "POL"]
[SourceTitle "EXT 2023"]
[Source "ChessBase"]
[SourceDate "2022.10.05"]
[SourceVersion "1"]
[SourceVersionDate "2022.10.05"]
[SourceQuality "1"]

1. e4 c5 2. Nf3 e6 3. d4 cxd4 4. Nxd4 Nc6 5. Nc3 Qc7 6. Be2 a6 7. 0-0 Nf6 8. Kh1 Bb4 9. Nxc6 bxc6 10. Na4 Be7 11. Qd3 d5 12. f3 0-0 13. Be3 Rb8 14. c3 Rd8 15. Qc2 c5 16. b3 a5 17. e5 Nd7 18. f4 Bb7 19. Bd3 g6 20. Bb5 Nb6 21. Qf2 Nxa4 22. bxa4 Ba8 23. Rab1 Bf8 24. Rfd1 Be7 25. Rd2 Bf8 26. Rdd1 Be7 27. Rd2 Bf8 28. Rdb2 Qa7 29. Rd2 Qc7 30. Rdb2 1/2-1/2

[Event "Warsaw YMCA Spring-A 240th"]
[Site "Warsaw"]
[Date "2021.06.11"]
[Round "9"]
[White "Matyszkiewicz, Wiktor"]
[Black "Jedrusik, Adam"]
[Result "0-1"]
[WhiteElo "1803"]
[BlackElo "1956"]
[PlyCount "94"]
[EventDate "2021.04.16"]
[EventType "swiss"]
[EventRounds "11"]
[EventCountry "POL"]
[SourceTitle "EXT 2022"]
[Source "ChessBase"]
[SourceDate "2021.10.06"]
[SourceVersion "1"]
[SourceVersionDate "2021.10.06"]
[SourceQuality "1"]

1. e4 c5 2. Nf3 Nf6 3. Nc3 Nc6 4. d4 d5 5. exd5 Nxd5 6. Bc4 Nxc3 7. bxc3 e6 8. 0-0 Be7 9. Be3 0-0 10. Qe2 cxd4 11. cxd4 Qc7 12. Rab1 b6 13. Rfd1 Bb7 14. d5 Na5 15. Rd4 Bf6 16. Rf4 Nxc4 17. Rxc4 Qe7 18. dxe6 Ba6 19. Bf4 Rac8 20. Nd2 Bxc4 21. Nxc4 Qxe6 22. Qxe6 fxe6 23. Ne3 Bd4 24. g3 Bxe3 25. Bxe3 Rxc2 26. a4 Ra2 27. Rb4 Rd8 28. Rc4 h6 29. Kg2 Rd3 30. Kf3 Rda3 31. Rc8+ Kh7 32. Rc6 Rxa4 33. Rxe6 b5 34. Re7 a5 35. Rb7 Rb4 36. Bc5 Rb3+ 37. Ke4 Re2+ 38. Kf5 Re8 39. Bd4 Rg8 40. Ke4 a4 41. f4 a3 42. f5 Rb4 43. f6 Rd8 44. Rxg7+ Kh8 45. Ra7 Rbxd4+ 46. Kf5 Ra4 47. Rb7 Rg8 0-1

[Event "Warsaw YMCA Spring-A 240th"]
[Site "Warsaw"]
[Date "2021.05.19"]
[Round "6"]
[White "Podgorski, Maciej"]
[Black "Matyszkiewicz, Wiktor"]
[Result "1-0"]
[WhiteElo "1908"]
[BlackElo "1803"]
[PlyCount "49"]
[EventDate "2021.04.16"]
[EventType "swiss"]
[EventRounds "11"]
[EventCountry "POL"]
[SourceTitle "EXT 2022"]
[Source "ChessBase"]
[SourceDate "2021.10.06"]
[SourceVersion "1"]
[SourceVersionDate "2021.10.06"]
[SourceQuality "1"]

1. e4 c5 2. Nf3 d6 3. d4 cxd4 4. Nxd4 Nf6 5. Nc3 e5 6. Bb5+ Bd7 7. Bxd7+ Qxd7 8. Nf5 g6 9. Nh6 Nc6 10. Bg5 Bg7 11. 0-0 Nd4 12. f4 Bxh6 13. Bxf6 Rf8 14. Nd5 Qc6 15. c3 Ne6 16. fxe5 dxe5 17. Bxe5 Rd8 18. Qf3 f5 19. Qh3 Bg7 20. Bxg7 Nxg7 21. Qxh7 Rd7 22. Qh4 Rxd5 23. exd5 Qd6 24. Rae1+ Kd7 25. Qb4 1-0

[Event "Warsaw YMCA Winter-B 237th"]
[Site "Warsaw"]
[Date "2021.02.24"]
[Round "6"]
[White "Matyszkiewicz, Wiktor"]
[Black "Basiaga, Sebastian"]
[Result "0-1"]
[WhiteElo "1794"]
[BlackElo "1716"]
[PlyCount "90"]
[EventDate "2021.01.21"]
[EventType "tourn"]
[EventRounds "11"]
[EventCountry "POL"]
[SourceTitle "EXT 2022"]
[Source "ChessBase"]
[SourceDate "2021.10.06"]
[SourceVersion "1"]
[SourceVersionDate "2021.10.06"]
[SourceQuality "1"]

1. e4 e5 2. Nf3 Nc6 3. Bc4 Bc5 4. 0-0 Nf6 5. d3 d6 6. c3 0-0 7. h3 h6 8. Re1 Bb6 9. Nbd2 Ne7 10. Nf1 Ng6 11. Ng3 c6 12. d4 exd4 13. Nxd4 d5 14. exd5 Nxd5 15. Qd3 Qf6 16. Bxd5 cxd5 17. Be3 Ne5 18. Qc2 Bd7 19. Ndf5 Rfe8 20. Rad1 Nc4 21. Bd4 Bxd4 22. Nxd4 g6 23. Nf1 Kg7 24. Nd2 b5 25. N2f3 a6 26. Rxe8 Rxe8 27. Re1 Rxe1+ 28. Nxe1 Nd6 29. Nd3 Nf5 30. Nxf5+ Bxf5 31. Qd2 d4 32. Nb4 d3 33. Kf1 Qd6 34. a3 a5 35. Na2 Qh2 36. f3 Bxh3 37. Qxd3 Bxg2+ 38. Ke1 Qg1+ 39. Kd2 Qf2+ 40. Qe2 Qxf3 41. Qxb5 Qf4+ 42. Ke1 h5 43. Qe2 Bf3 44. Qd3 Qg3+ 45. Kd2 Qf2+ 0-1

[Event "Warsaw YMCA Winter-B 237th"]
[Site "Warsaw"]
[Date "2021.01.21"]
[Round "1"]
[White "Leszczynski, Bartosz"]
[Black "Matyszkiewicz, Wiktor"]
[Result "0-1"]
[WhiteElo "1841"]
[BlackElo "1794"]
[PlyCount "60"]
[EventDate "2021.01.21"]
[EventType "tourn"]
[EventRounds "11"]
[EventCountry "POL"]
[SourceTitle "EXT 2022"]
[Source "ChessBase"]
[SourceDate "2021.10.06"]
[SourceVersion "1"]
[SourceVersionDate "2021.10.06"]
[SourceQuality "1"]

1. d4 Nf6 2. c4 g6 3. Nc3 Bg7 4. e4 d6 5. Be2 0-0 6. Bg5 h6 7. Be3 Nbd7 8. Qd2 Kh7 9. f3 c5 10. d5 Ne5 11. g4 Ne8 12. h4 Nc7 13. a4 Na6 14. Nh3 Nb4 15. Nf2 f5 16. h5 f4 17. Bxf4 Rxf4 18. Qxf4 Nc2+ 19. Kd2 Nxa1 20. Rxa1 g5 21. Qe3 Qa5 22. Kc2 Bd7 23. b3 Rf8 24. Rf1 a6 25. Nfd1 Rf4 26. Qd2 Qd8 27. Nb2 Qf8 28. Qd1 Qf6 29. Bd3 Kg8 30. Be2 Nc6 0-1

[Event "Warsaw YMCA Autumn-B 237th"]
[Site "Warsaw"]
[Date "2020.11.26"]
[Round "9"]
[White "Matyszkiewicz, Wiktor"]
[Black "Nawalaniec, Adam"]
[Result "1/2-1/2"]
[WhiteElo "1803"]
[BlackElo "1549"]
[PlyCount "159"]
[EventDate "2020.09.24"]
[EventType "swiss"]
[EventRounds "12"]
[EventCountry "POL"]
[SourceTitle "EXT 2022"]
[Source "ChessBase"]
[SourceDate "2021.10.06"]
[SourceVersion "1"]
[SourceVersionDate "2021.10.06"]
[SourceQuality "1"]

1. e4 e5 2. Nf3 Nc6 3. Bb5 a6 4. Ba4 Nf6 5. 0-0 Be7 6. Re1 b5 7. Bb3 0-0 8. a4 Bb7 9. d3 d6 10. c3 Na5 11. Bc2 c5 12. Nbd2 Qb6 13. Nf1 Nc6 14. Ng3 h6 15. Nf5 Rad8 16. N3h4 d5 17. Qf3 Ne8 18. exd5 Rxd5 19. Bb3 Rd6 20. Nxd6 Nxd6 21. Ng6 c4 22. Nxf8 cxb3 23. Nd7 Qc7 24. Nc5 Nd4 25. Qxb7 Nxb7 26. cxd4 Bxc5 27. dxc5 Nxc5 28. axb5 axb5 29. Rd1 Na4 30. Rb1 Qc2 31. Be3 b4 32. d4 Nxb2 33. Rdc1 Nc4 34. d5 Qe4 35. Rd1 b2 36. Bc5 Qg4 37. d6 Na3 38. f3 Qc4 39. d7 Qxc5+ 40. Kh1 Qc2 41. d8Q+ Kh7 42. Qd2 Qxd2 43. Rxd2 Nxb1 44. Rxb2 Nc3 45. Rxb4 f6 46. Kg1 Kg6 47. Kf2 h5 48. Rc4 Nd5 49. Rc5 Nf4 50. Ra5 h4 51. Ra2 Kf5 52. g3 hxg3+ 53. hxg3 Ne6 54. Ke3 Nd4 55. Ra7 g6 56. Ra6 Nc2+ 57. Ke2 Nd4+ 58. Kf2 Nc2 59. g4+ Kg5 60. Kg3 Nd4 61. Kf2 f5 62. gxf5 gxf5 63. Ke3 Nc2+ 64. Kf2 Kf4 65. Ra4+ Nd4 66. Rc4 Kg5 67. Ke3 Ne6 68. Rc6 Kf6 69. Kd3 Ke7 70. Rc3 Kd6 71. Kc4 e4 72. fxe4 fxe4 73. Rh3 Ke5 74. Kc3 Nf4 75. Rh8 Nd5+ 76. Kd2 Kd4 77. Rd8 e3+ 78. Ke2 Ke4 79. Rxd5 Kxd5 80. Kxe3 1/2-1/2

[Event "Warsaw YMCA Winter-A 224th"]
[Site "Warsaw"]
[Date "2020.03.06"]
[Round "10"]
[White "Ossolinski, Ziemowit"]
[Black "Matyszkiewicz, Wiktor"]
[Result "1-0"]
[WhiteElo "1880"]
[BlackElo "1902"]
[PlyCount "45"]
[EventDate "2020.01.10"]
[EventType "tourn"]
[EventRounds "13"]
[EventCountry "POL"]
[SourceTitle "CBM 195 Extra"]
[Source "ChessBase"]
[SourceDate "2020.05.31"]
[SourceVersion "1"]
[SourceVersionDate "2020.05.31"]
[SourceQuality "1"]

1. e4 c5 2. Ne2 Nc6 3. c4 Nf6 4. Nbc3 d6 5. d4 cxd4 6. Nxd4 g6 7. Be2 Bg7 8. Be3 0-0 9. 0-0 Bd7 10. Nc2 Ne5 11. f3 Qc7 12. Na3 a6 13. Rc1 b6 14. Qe1 Be6 15. Qf2 Nfd7 16. Nd5 Bxd5 17. cxd5 Qb7 18. f4 Nc5 19. fxe5 Bxe5 20. Nc4 Bg7 21. Qh4 b5 22. Na5 Qc7 23. b4 1-0

[Event "Warsaw YMCA Winter-A 224th"]
[Site "Warsaw"]
[Date "2020.01.31"]
[Round "4"]
[White "Matyszkiewicz, Wiktor"]
[Black "Malicka, Maria"]
[Result "0-1"]
[WhiteElo "1902"]
[BlackElo "2041"]
[PlyCount "120"]
[EventDate "2020.01.10"]
[EventType "tourn"]
[EventRounds "13"]
[EventCountry "POL"]
[SourceTitle "CBM 195 Extra"]
[Source "ChessBase"]
[SourceDate "2020.05.31"]
[SourceVersion "1"]
[SourceVersionDate "2020.05.31"]
[SourceQuality "1"]

1. e4 c5 2. Nf3 d6 3. d4 cxd4 4. Nxd4 Nf6 5. Nc3 a6 6. Bg5 e6 7. f4 Nbd7 8. Qf3 Qc7 9. 0-0-0 b5 10. g4 b4 11. Nce2 Bb7 12. Ng3 Be7 13. Kb1 Rc8 14. Qe2 Nc5 15. Bg2 0-0 16. Bxf6 Bxf6 17. g5 Bxd4 18. Rxd4 e5 19. Rd2 Ne6 20. Nf5 Nxf4 21. Qg4 d5 22. exd5 Bxd5 23. Bxd5 Nxd5 24. Qe4 Ne7 25. Re1 Nxf5 26. Qxf5 Rfd8 27. Rde2 g6 28. Qf6 Qd6 29. Qxd6 Rxd6 30. Kc1 Rdc6 31. Rd2 Rc5 32. Ree2 R8c7 33. h4 Kg7 34. Rd8 a5 35. Re8 f6 36. Re6 fxg5 37. hxg5 e4 38. Rg2 Rc4 39. Re5 a4 40. b3 axb3 41. axb3 Rc3 42. Kb2 e3 43. Re2 R3c5 44. Re4 Rxg5 45. Rxb4 Re5 46. Rd4 h5 47. c4 g5 48. b4 h4 49. Kb3 Kg6 50. b5 h3 51. Kb4 h2 52. Rd1 Rh7 53. Rh1 g4 54. c5 g3 55. c6 Rhh5 56. b6 Rb5+ 57. Kc4 Rxb6 58. Rxe3 Rxc6+ 59. Kd4 Rd6+ 60. Kc4 Rg5 0-1

[Event "Warsaw YMCA Autumn-A 220th"]
[Site "Warsaw"]
[Date "2019.11.29"]
[Round "11"]
[White "Matyszkiewicz, Wiktor"]
[Black "Moskwinski, Marek"]
[Result "1-0"]
[WhiteElo "1844"]
[BlackElo "1940"]
[PlyCount "59"]
[EventDate "2019.09.20"]
[EventType "tourn"]
[EventRounds "13"]
[EventCountry "POL"]
[SourceTitle "CBM 195 Extra"]
[Source "ChessBase"]
[SourceDate "2020.05.31"]
[SourceVersion "1"]
[SourceVersionDate "2020.05.31"]
[SourceQuality "1"]

1. e4 c5 2. Nf3 d6 3. d4 cxd4 4. Nxd4 Nf6 5. Nc3 a6 6. Bg5 e6 7. f4 Be7 8. Qf3 Nbd7 9. 0-0-0 0-0 10. g4 b5 11. Bxf6 Nxf6 12. e5 Nd5 13. Nxd5 exd5 14. exd6 Bxd6 15. Bd3 Qf6 16. Ne2 Re8 17. g5 Qe6 18. Qh5 g6 19. Qh4 Qg4 20. Qf2 Bb7 21. Rhg1 Qe6 22. Qh4 Bc5 23. f5 gxf5 24. Rgf1 Bc8 25. Kb1 Qe5 26. Nf4 Be6 27. Nh5 Be7 28. Nf6+ Bxf6 29. gxf6 Kh8 30. Rf3 1-0

[Event "Warsaw YMCA Autumn-B 206th"]
[Site "Warsaw"]
[Date "2018.12.13"]
[Round "12"]
[White "Matyszkiewicz, Wiktor"]
[Black "Kalejta, Arkadiusz"]
[Result "1/2-1/2"]
[WhiteElo "1713"]
[BlackElo "1701"]
[PlyCount "88"]
[EventDate "2018.09.20"]
[EventType "tourn"]
[EventRounds "11"]
[EventCountry "POL"]
[SourceTitle "EXT 2021"]
[Source "ChessBase"]
[SourceDate "2020.10.23"]
[SourceVersion "1"]
[SourceVersionDate "2020.10.23"]
[SourceQuality "1"]

1. e4 c5 2. Nf3 Nc6 3. d4 cxd4 4. Nxd4 Nf6 5. Nc3 e5 6. Ndb5 d6 7. Bg5 a6 8. Na3 b5 9. Bxf6 gxf6 10. Nd5 f5 11. Bd3 Be6 12. c3 Bg7 13. 0-0 Bxd5 14. exd5 Ne7 15. Nc2 0-0 16. a4 bxa4 17. Rxa4 a5 18. Na3 e4 19. Be2 Qb6 20. Nc4 Qc5 21. Qd2 Nxd5 22. Rfa1 Nb6 23. Nxb6 Qxb6 24. b4 Qc7 25. bxa5 Bxc3 26. Qc2 Rxa5 27. Rxa5 Bxa5 28. Qd1 Rc8 29. Ba6 Re8 30. Rc1 Qe7 31. Bb5 Rb8 32. Bc4 Bb6 33. Qe2 Bc5 34. h3 Qe5 35. Rd1 Rb2 36. Rd2 Rb1+ 37. Rd1 Rb2 38. Qh5 Bxf2+ 39. Kf1 Qg7 40. Qxf5 Bc5 41. Qc8+ Qf8 42. Qg4+ Qg7 43. Qc8+ Qf8 44. Qg4+ Qg7 1/2-1/2

[Event "Warsaw YMCA Autumn-B 206th"]
[Site "Warsaw"]
[Date "2018.11.15"]
[Round "8"]
[White "Derylo, Kamil"]
[Black "Matyszkiewicz, Wiktor"]
[Result "0-1"]
[WhiteElo "1772"]
[BlackElo "1713"]
[PlyCount "56"]
[EventDate "2018.09.20"]
[EventType "tourn"]
[EventRounds "11"]
[EventCountry "POL"]
[SourceTitle "EXT 2021"]
[Source "ChessBase"]
[SourceDate "2020.10.23"]
[SourceVersion "1"]
[SourceVersionDate "2020.10.23"]
[SourceQuality "1"]

1. b3 e5 2. Bb2 Nc6 3. e3 d6 4. Bb5 Bd7 5. Ne2 Qg5 6. 0-0 a6 7. f4 exf4 8. Bxc6 Bxc6 9. Nxf4 Nf6 10. Qe2 0-0-0 11. c4 h5 12. d4 d5 13. Nc3 Bd6 14. Ncxd5 Bxd5 15. Nxd5 Ng4 16. h3 Rde8 17. hxg4 hxg4 18. g3 Bxg3 19. Qg2 Bd6 20. Rxf7 Rh2 21. Nb6+ Kb8 22. Qd5 Qxe3+ 23. Kf1 Rxb2 24. Nd7+ Ka7 25. Nc5 Qh3+ 26. Kg1 Bh2+ 27. Kh1 Bg3+ 28. Kg1 Qh2+ 0-1

[Event "Warsaw YMCA Autumn-B 206th"]
[Site "Warsaw"]
[Date "2018.11.09"]
[Round "7"]
[White "Matyszkiewicz, Wiktor"]
[Black "Szukalski, Antoni"]
[Result "0-1"]
[WhiteElo "1713"]
[BlackElo "1759"]
[PlyCount "94"]
[EventDate "2018.09.20"]
[EventType "tourn"]
[EventRounds "11"]
[EventCountry "POL"]
[SourceTitle "EXT 2021"]
[Source "ChessBase"]
[SourceDate "2020.10.23"]
[SourceVersion "1"]
[SourceVersionDate "2020.10.23"]
[SourceQuality "1"]

1. e4 c6 2. d4 d5 3. exd5 cxd5 4. Bd3 Nf6 5. h3 Nc6 6. c3 e6 7. Bf4 Qb6 8. Qc2 Bd7 9. Nd2 Rc8 10. Nb3 Nb4 11. Qe2 Nxd3+ 12. Qxd3 a5 13. Rb1 Bb5 14. Qe3 Bc4 15. Nc1 Be7 16. Nge2 Ne4 17. 0-0 0-0 18. Re1 Rfe8 19. Bh2 f5 20. Be5 g5 21. f3 Nd6 22. h4 h6 23. hxg5 hxg5 24. f4 g4 25. Bxd6 Qxd6 26. Kf2 Kf7 27. Rh1 Rh8 28. Nd3 Bf6 29. Ne5+ Kg7 30. Ng3 Bh4 31. a3 Bb3 32. Rbc1 a4 33. Ke2 Qa6+ 34. Kd2 Qd6 35. Nd3 b6 36. Ne5 Rh6 37. Rh2 Rch8 38. Rch1 Qc7 39. Ne2 Be1+ 40. Kxe1 Rxh2 41. Rxh2 Rxh2 42. Nd3 Rh1+ 43. Kf2 Qe7 44. Qe5+ Kf7 45. Nb4 Bc4 46. Ng3 Qh4 47. Qc7+ Kg6 0-1

[Event "Warsaw YMCA Autumn-B 206th"]
[Site "Warsaw"]
[Date "2018.11.06"]
[Round "6"]
[White "Kasperski, Marcin"]
[Black "Matyszkiewicz, Wiktor"]
[Result "0-1"]
[WhiteElo "1726"]
[BlackElo "1713"]
[PlyCount "132"]
[EventDate "2018.09.20"]
[EventType "tourn"]
[EventRounds "11"]
[EventCountry "POL"]
[SourceTitle "EXT 2021"]
[Source "ChessBase"]
[SourceDate "2020.10.23"]
[SourceVersion "1"]
[SourceVersionDate "2020.10.23"]
[SourceQuality "1"]

1. Nf3 Nf6 2. c4 g6 3. g3 Bg7 4. Bg2 0-0 5. 0-0 d6 6. Nc3 e5 7. d3 Nc6 8. Bg5 h6 9. Bd2 Be6 10. Rb1 e4 11. Ne1 exd3 12. exd3 Qd7 13. Nc2 Bf5 14. Ne4 Nxe4 15. dxe4 Bh3 16. b4 Bxg2 17. Kxg2 Qe6 18. Qe2 Rae8 19. b5 Ne5 20. Ne3 h5 21. Nd5 Qc8 22. Bc3 Nd7 23. Bxg7 Kxg7 24. Qb2+ f6 25. Qd4 Nc5 26. f3 Rf7 27. a4 Ne6 28. Qa1 c6 29. Nc3 Ng5 30. Qa2 Qh3+ 31. Kg1 f5 32. Qd2 f4 33. Qg2 fxg3 34. hxg3 Qxg2+ 35. Kxg2 Rc8 36. b6 axb6 37. Rxb6 Ra8 38. f4 Ne6 39. Rd1 Nc5 40. Rb4 Rf6 41. Kf3 g5 42. f5 Kh6 43. Ra1 g4+ 44. Ke3 Re8 45. Kd4 Kg5 46. Rb2 h4 47. gxh4+ Kxh4 48. Rh1+ Kg5 49. Rg2 Nb3+ 50. Kd3 Nc5+ 51. Kd4 Nd7 52. Rh7 Ne5 53. Rxb7 Kf4 54. Rbb2 Nf3+ 55. Kd3 Ne1+ 56. Kd4 Nxg2 57. Rxg2 Kf3 58. Ra2 g3 59. a5 g2 60. Ne2 Rxe4+ 61. Kd3 Re3+ 62. Kd4 Rxe2 63. Ra1 Kf2 64. a6 g1Q 65. Rxg1 Kxg1 66. a7 Ra2 0-1

[Event "Warsaw YMCA Spring-B 199th"]
[Site "Warsaw"]
[Date "2018.06.21"]
[Round "13"]
[White "Matyszkiewicz, Wiktor"]
[Black "Jaworowski, Andre"]
[Result "1-0"]
[WhiteElo "1732"]
[BlackElo "1609"]
[PlyCount "40"]
[EventDate "2018.04.06"]
[EventType "tourn"]
[EventRounds "13"]
[EventCountry "POL"]
[SourceTitle "EXT 2021"]
[Source "ChessBase"]
[SourceDate "2020.10.23"]
[SourceVersion "1"]
[SourceVersionDate "2020.10.23"]
[SourceQuality "1"]

1. e4 c5 2. Nf3 e6 3. d4 cxd4 4. Nxd4 Nc6 5. Nc3 Nf6 6. Ndb5 d6 7. Bf4 e5 8. Bg5 a6 9. Na3 b5 10. Nd5 h6 11. Bxf6 gxf6 12. Bd3 Rg8 13. Qf3 Be7 14. c3 Bg4 15. Qe3 Bf8 16. Nc2 Rg6 17. a4 Na7 18. axb5 Nxb5 19. Bxb5+ axb5 20. Rxa8 Qxa8 1-0

[Event "Warsaw YMCA Spring-B 199th"]
[Site "Warsaw"]
[Date "2018.06.13"]
[Round "11"]
[White "Matyszkiewicz, Wiktor"]
[Black "Safanowski, Tomasz"]
[Result "1-0"]
[WhiteElo "1732"]
[BlackElo "1833"]
[PlyCount "83"]
[EventDate "2018.04.06"]
[EventType "tourn"]
[EventRounds "13"]
[EventCountry "POL"]
[SourceTitle "EXT 2021"]
[Source "ChessBase"]
[SourceDate "2020.10.23"]
[SourceVersion "1"]
[SourceVersionDate "2020.10.23"]
[SourceQuality "1"]

1. e4 d6 2. d4 Nf6 3. Nc3 Nbd7 4. Nf3 e5 5. Bc4 Be7 6. 0-0 0-0 7. Re1 c6 8. a4 Qc7 9. h3 Re8 10. Ng5 Rf8 11. Be3 b6 12. d5 cxd5 13. Nxd5 Nxd5 14. Bxd5 Rb8 15. Nxf7 Rxf7 16. Qh5 g6 17. Bxf7+ Kxf7 18. Qxh7+ Ke8 19. Qxg6+ Kd8 20. Bg5 Nf8 21. Qg8 Ke8 22. Bh6 Be6 23. Qh8 Kd7 24. Qg7 Ke8 25. Ra3 Kd7 26. Bg5 Ng6 27. Bxe7 Nxe7 28. Rd1 Rg8 29. Qxe5 d5 30. Qxc7+ Kxc7 31. Rc3+ Kd6 32. Rcd3 Rc8 33. c3 Kc5 34. exd5 Bxd5 35. Re3 Ng6 36. Rg3 Nf4 37. Rg5 Kc6 38. Rf5 Ne2+ 39. Kh2 Bc4 40. Rf6+ Kb7 41. Re1 Rd8 42. b3 1-0